Logo BPK

Biblioteka

Politechniki Koszalińskiej

Baustoffe fur tragende Bauteile : (Rekord nr 26279)

Szczegóły MARC
000 -ETYKIETA REKORDU
podpole kontrolne o stałej długości 00396nam a2200145 i 4500
001 - NUMER KONTROLNY REKORDU
pole kontrolne bg
040 ## - ŹRÓDŁO KATALOGOWANIA
Instytucja, która utworzyła rekord BPK
041 ## - KOD JĘZYKA
Kod języka tekstu pol
008 - POLE O STAŁEJ DŁUGOŚCI - DANE KONTROLNE
podpole kontrolne o stałej długości s pl f |000 0 pol
100 1# - NAZWA OSOBOWA
Nazwa osobowa WESCHE, Karlhans
245 #0 - TYTUŁ/ODPOWIEDZIALNOŚĆ
Tytuł Baustoffe fur tragende Bauteile :
Ciąg dalszy tytułu metallische stoffe: stahl, aluminium, metallkorrocion /
Pozostałe elementy strefy tytułu i oznaczenia odpowiedzialności Karlhans Wesche.
250 ## - STREFA WYDANIA
Oznaczenie wydania Bd.3.
260 ## - STREFA ADRESU WYDAWNICZEGO
Miejsce wydania Wiesbaden,
Data publikacji, dystrybucji/powstania dokumentu 1973.
856 ## - LOKALIZACJA I DOSTĘP DO ELEKTRONICZNYCH DOKUMENTÓW ZDALNYCH
Link (URL) http://koha.tu.koszalin.pl/cgi-bin/koha/opac-detail.pl?biblionumber=26279
Tekst linku Katalog online BPK
942 ## - DODATKOWE ELEMENTY (KOHA)
Typ dokumentu Książka
Egzemplarze
Wycofany Status egzemplarza Uszkodzony Dostępność Lokalizacja stała Lokalizacja bieżąca Miejsce przechowywania Sygnatura Kod kreskowy Typ dokumentu
      Dostępny Biblioteka Politechniki Koszalińskiej Biblioteka Politechniki Koszalińskiej Wypożyczalnia BG 17507 01712506 Książka
© 2023 Biblioteka Politechniki Koszalińskiej :: KOHA